El misterio de la casa embrujada : (Registro nro. 9209)
[ vista simple ]
| 000 -LEADER | |
|---|---|
| fixed length control field | 00905nam a22002417a 4500 |
| 003 - CONTROL NUMBER IDENTIFIER | |
| control field | DO-SdBNP |
| 005 - DATE AND TIME OF LATEST TRANSACTION | |
| control field | 20180201112203.0 |
| 008 - FIXED-LENGTH DATA ELEMENTS--GENERAL INFORMATION | |
| fixed length control field | 160314b 1987 sp ||||| |||| 00| 0 spa d |
| 020 ## - INTERNATIONAL STANDARD BOOK NUMBER | |
| International Standard Book Number | 8471768267 |
| 040 ## - CATALOGING SOURCE | |
| Original cataloging agency | BPMSU |
| Language of cataloging | spa |
| Transcribing agency | BPMSU |
| 100 1# - MAIN ENTRY--PERSONAL NAME | |
| Personal name | Masters, M. |
| 240 10 - UNIFORM TITLE | |
| Uniform title | <a href="Hawkeye Collins and Amy Adams in The mystery of the haunted house & other mysteries.">Hawkeye Collins and Amy Adams in The mystery of the haunted house & other mysteries.</a> |
| Medium | Español |
| 245 10 - TITLE STATEMENT | |
| Title | El misterio de la casa embrujada : |
| Remainder of title | y siete casos más |
| Statement of responsibility, etc. | M. Masters; traducción, Iris Menéndez; ilustraciones, Ismael Balanyá. |
| 260 ## - PUBLICATION, DISTRIBUTION, ETC. (IMPRINT) | |
| Place of publication, distribution, etc. | Barcelona : |
| Name of publisher, distributor, etc. | Timun Mas, |
| Date of publication, distribution, etc. | 1987. |
| 300 ## - PHYSICAL DESCRIPTION | |
| Extent | 115 p. : |
| Other physical details | il. ; |
| Dimensions | 19 cm. |
| 490 1# - SERIES STATEMENT | |
| Series statement | Resuelve el misterio |
| Volume/sequential designation | 1 |
| 500 ## - GENERAL NOTE | |
| General note | Hawkeye Collins and Amy Adams in The mystery of the haunted house & other mysteries. |
| 700 12 - ADDED ENTRY--PERSONAL NAME | |
| Personal name | Menéndez, Iris, |
| Relator term | tr. |
| 830 #0 - SERIES ADDED ENTRY--UNIFORM TITLE | |
| Name of part/section of a work | Resuelve el misterio |
| Volume number/sequential designation | 3 |
| 942 ## - ADDED ENTRY ELEMENTS (KOHA) | |
| Source of classification or shelving scheme | Dewey Decimal Classification |
| Koha item type | Libros |
| 945 ## - LOCAL PROCESSING INFORMATION (OCLC) | |
| a | Invetariado, 2018 LP |
| 956 ## - LOCAL ELECTRONIC LOCATION AND ACCESS (OCLC) | |
| Host name | LOPEREZ |
| Access number | 10 |
| Withdrawn status | Lost status | Source of classification or shelving scheme | Damaged status | Not for loan | Collection code | Home library | Current library | Date acquired | Source of acquisition | Total Checkouts | Barcode | Date last seen | Price effective from | Koha item type |
|---|---|---|---|---|---|---|---|---|---|---|---|---|---|---|
| Dewey Decimal Classification | Colección General | Biblioteca Pública Metropolitana Salomé Ureña | Biblioteca Pública Metropolitana Salomé Ureña | 02/01/2018 | Donación | BPMSU18020007 | 02/01/2018 | 02/01/2018 | Libros |